00543 2200169 4500245004700000020002200047250001100069100001800080700002500098650002100123005001900144260007600163041001400239084001000253300010100263336000900364 aDi Mana Kacang Sipet?cAris HartantihText a978-602-244-935-5 aCet. 1 aAris Hartanti aMuninggar Herdianing aCerita Bergambar a20240902092336 aJakartabKementerian Pendidikan, Kebudayaan, Riset, dan Teknologic2022 aIndonesia a741.5 aAndika New Basic 22/34, Delight Snowy, Cloudy With a Chance of Love. ii, 30 hlm :b23 x 23 cm. ; atext